The liberation of life : from the cell to the community /

Bibliographic Details
Main Author: Birch, Charles
Other Authors: Cobb, John B.
Format: Book
Language:English
Published: Cambridge [Cambridgeshire] ; New York : Cambridge University Press, 1981.
Subjects:

MARC

Tag First Indicator Second Indicator Subfields
LEADER 00000cam a2200000 a 4500
001 in00000087784
005 20151008063011.0
008 820331s1981 enka b 00110 eng
010 |a  80042156  
015 |a GB*** 
020 |a 0521237874 
035 |a (OCoLC)08123246 
035 |9 AAK1377AM 
039 0 |a 2  |b 3  |c 3  |d 3  |e 3 
040 |a DLC  |c DLC  |d TXA  |d UtOrBLW 
049 |a TXAM  |c [1633156] 
050 0 0 |a QH331  |b  B523 
082 0 |a 304.2  |2 19 
100 1 |a Birch, Charles. 
245 1 4 |a The liberation of life :  |b from the cell to the community /  |c  Charles Birch, John B. Cobb, Jr. 
264 1 |a Cambridge [Cambridgeshire] ;  |a New York :  |b Cambridge University Press,  |c 1981. 
300 |a ix, 353 pages :  |b illustrations ;  |c 24 cm. 
336 |a text  |b txt  |2 rdacontent 
337 |a unmediated  |b n  |2 rdamedia 
338 |a volume  |b nc  |2 rdacarrier 
500 |a Includes index. 
504 |a Bibliography: pages [332]-343. 
650 0 |a Biology  |x Philosophy. 
650 0 |a Bioethics. 
650 0 |a Ecology  |x Philosophy. 
650 0 |a Ecology  |x Moral and ethical aspects. 
650 0 |a Human ecology  |x Philosophy. 
650 0 |a Life. 
650 0 |a Environmental ethics. 
700 1 |a Cobb, John B. 
999 |a MARS 
999 f f |s fd4a3e9b-ab49-378c-aca9-05f3b711e137  |i 55ce40da-d370-341a-9e2c-adafd6c3e3cb  |t 0 
952 f f |p ric  |a Texas A&M University  |b Rellis Campus  |c Joint Library Facility  |d Remote Storage  |t 0  |e QH331 B523  |h Library of Congress classification  |i unmediated -- volume  |m A14805975184 
998 f f |a QH331 B523  |t 0  |l Remote Storage